Parts of the Clarinet Picture Quiz - Statistics

General Stats
  • This quiz has been taken 116 times
  • The average score is 5 of 6
Answer Stats
Picture Answer % Correct
Reed
100%
Bell
94%
Mouthpiece
94%
Ligature
80%
Lower Joint
61%
Upper Joint
61%
No matching quizzes found
Score Distribution
Percent of People with Each Score
Percentile by Number Answered
Your Score History
You have not taken this quiz